[Event "Elitserien Allsvenskan 2018-19"]
[Site "Sweden"]
[Date "2019.03.29"]
[Round "7.1"]
[White "Hansen, Sune Berg"]
[Black "Hammer, Jon Ludvig"]
[Result "1/2-1/2"]
[WhiteElo "2587"]
[BlackElo "2650"]
[Annotator "TA"]
[PlyCount "133"]
[EventDate "2018.11.09"]
[EventType "team-tourn"]
[EventCountry "SWE"]
[SourceTitle "playchess.com"]
[Source "ChessBase"]
[SourceQuality "1"]

{[%evp 20,133,0,0,0,0,23,18,9,24,29,37,47,13,14,0,0,0,6,16,15,15,34,-8,0,-4,-5,-14,-15,-12,-20,-21,-28,-37,-24,-31,0,-9,0,0,16,-12,0,0,-6,-9,1,0,10,14,18,22,139,139,299,156,195,195,201,182,192,159,180,173,176,180,160,131,133,97,265,256,276,280,264,262,250,106,106,106,106,106,106,107,280,280,280,280,280,280,280,0,280,0,280,280,280,280,280,280,282,12,261,305,385,0,0,0,172,0,0,0,0,0,0,0]} 1. d4 Nf6 2. Nf3 e6 3. c4 d5 4. g3 Be7 5. Bg2 O-O 6. O-O dxc4 7. Qa4 a6 8. Qxc4 b5 9. Qc2 Bb7 10. Bd2 Be4 11. Qc1 c6 {E05: Open Catalan: 5 Nf3 Be7} (11... Bb7 12. Rd1 Qc8 13. Ba5 c5 14. dxc5 Bxc5 15. Nbd2 Nbd7 16. Nb3 Ba7 17. Qf4 Nb6 18. Bxb6 Bxb6 19. Rac1 Qe8 20. Ne5 Bxg2 21. Kxg2 {½-½ (75) Ding,L (2813)-Radjabov,T (2757) Wijk aan Zee 2019}) 12. Rd1 Bxf3 13. Bxf3 Qxd4 14. a4 {aiming for axb5.} b4 15. Be3 Qe5 16. Nd2 {[%cal Bb1d2,Bd2c4,Bc4b6][%mdl 32]} Nd5 $146 ({Predecessor:} 16... Qc7 17. Nc4 Nbd7 18. Bf4 e5 19. Qe3 {½-½ (42) Kolosowski,M (2431)-Staniszewski,P (2419) Poronin 2012}) 17. Nc4 Qc7 $1 18. Bxd5 exd5 19. Nb6 Ra7 20. a5 Rb7 21. Qc2 {[%mdl 1024] White has compensation.} (21. Bf4 $5 {[%cal Rf4c7]} Bd6 22. Bxd6 Qxd6 23. e4 $11) 21... Bd6 22. Rac1 Qe7 23. Rd4 Re8 24. Rh4 g6 25. Qd2 Qe6 26. Rd4 Bf8 27. Qd3 Bd6 28. Rc2 Rbe7 29. Bg5 Ra7 30. Qf3 Nd7 31. Nxd7 Qxd7 32. e4 $1 Rc7 33. exd5 cxd5 34. Rxc7 Bxc7 35. Rxd5 Qh3 (35... Qc6 $11 {remains equal.}) 36. Bd2 $16 Be5 $2 {[#]} (36... h5 $16 37. Bxb4 Be5) 37. b3 ({Less strong is} 37. Bxb4 Qe6 $16) (37. Rxe5 $1 $18 {[%mdl 512]} Rxe5 38. Qa8+ {[%mdl 64] Double Attack} Kg7 39. Bxb4) 37... Bc3 38. Bxc3 $40 {[%mdl 128] White goes for the king.} bxc3 39. Qxc3 $18 {[%mdl 4096] Endgame KQR-KQR} h5 40. Re5 Rd8 41. Re1 Qf5 42. h4 Rc8 43. Qd2 Kh7 44. Kg2 Qf6 $2 (44... Qb5 $16 {is a better defense.}) 45. Rc1 Rd8 46. Qe3 Rb8 47. Rc7 Kg7 48. Qc3 (48. Rc5 $18 {has better winning chances.}) 48... Qxc3 $16 49. Rxc3 {KR-KR} Rb5 {[#]} 50. b4 $1 {[%mdl 512]} Rxb4 51. Rc6 Ra4 $2 (51... f6 $16 {was called for.} 52. Rxa6 g5 53. Ra7+ Kg6 54. hxg5 fxg5) 52. Rxa6 $18 Ra3 53. Ra8 Kf6 54. a6 {[%cal Ba5a6,Ba6a7][%mdl 32]} Kf5 {[#]} 55. Kf1 $2 (55. f3 $1 $18) 55... Ra2 $2 {[%mdl 8192]} (55... Ra1+ $11 {and Black has nothing to worry.} 56. Kg2 Ra4) 56. Kg2 Ra3 $1 {[#]} 57. f3 $1 Kf6 58. Kf2 Kf5 59. a7 Kf6 60. g4 $2 ({White should try} 60. Ke1 $18) 60... hxg4 $11 61. fxg4 Kg7 62. h5 $2 (62. g5 $18) 62... gxh5 63. gxh5 {Threatens to win with h6+.} Ra1 $2 (63... Kh7 $11 {and Black stays safe.} 64. Ke2 Kg7) 64. h6+ $2 (64. Kf3 $18) 64... Kh7 {The position is equal.} 65. Kf3 {Black must now prevent Ke4.} Ra2 66. Kf4 {And now Ke5 would win.} Ra1 67. Kf5 {Accuracy: White = 56%, Black = 37%.} 1/2-1/2

[Event "Elitserien Allsvenskan 2018-19"]
[Site "Sweden"]
[Date "2019.03.29"]
[Round "7.1"]
[White "Heberla, Bartlomiej"]
[Black "Miezis, Normunds"]
[Result "1-0"]
[WhiteElo "2553"]
[BlackElo "2464"]
[Annotator "TA"]
[PlyCount "83"]
[EventDate "2018.11.09"]
[EventType "team-tourn"]
[EventCountry "SWE"]
[SourceTitle "playchess.com"]
[Source "ChessBase"]
[SourceQuality "1"]

{[%evp 12,83,20,25,47,17,16,25,54,65,74,70,133,126,126,110,110,87,91,95,141,147,133,133,159,145,150,162,156,149,174,170,291,292,272,273,275,272,339,334,322,203,203,203,203,203,196,195,206,211,202,202,202,192,250,214,214,183,195,189,187,174,235,235,266,266,429,243,449,441,885,910,29990,29991]} 1. e4 c5 2. Nf3 e6 3. d4 cxd4 4. Nxd4 a6 5. Be2 Nf6 6. Nc3 Qc7 7. O-O Bc5 {B43: Sicilian: Kan Variation: 5 Nc3} 8. Kh1 (8. Be3 d6 9. f3 e5 10. Kh1 exd4 11. Bxd4 Bxd4 12. Qxd4 Nc6 13. Qd2 Be6 14. Rad1 Rd8 15. f4 {1-0 (40) Hou,Y (2658)-Vitiugov,N (2734) Belokurikha 2018}) 8... d6 9. Nb3 Ba7 {White has an edge.} 10. Bf4 e5 11. Bg5 Be6 $146 ({Better is} 11... Nbd7 $14) ({Predecessor:} 11... Nbd7 12. Qd2 h6 13. Be3 Bxe3 14. Qxe3 Nc5 15. Rad1 {½-½ (22) Zuriel,A (2214)-Godoy,R (2098) Villa Martelli 2002}) 12. Bxf6 $1 $16 gxf6 13. Nd5 $36 {[%mdl 2048] White has strong initiative.} Bxd5 14. Qxd5 Nc6 15. Bh5 Rf8 {[#]} 16. Qe6+ $1 Qe7 17. Qf5 Nb4 18. a3 ({Much less strong is} 18. Qxh7 $6 Nxc2 19. Rac1 Nb4 $16) 18... Nc6 19. Rad1 Kd8 20. Rd3 Qe6 21. Qf3 ({But not} 21. Qxh7 Ke7 $16) 21... Ke7 (21... Kc7 $142 22. Bg4 Qe7) 22. Bg4 $18 Qc4 23. Rfd1 Rad8 24. Na5 Qa4 25. Nxb7 {[%cal Rd3d6]} Nd4 26. Rxd4 Bxd4 27. Nxd8 Rxd8 28. c3 Ba7 29. Rd2 Bb6 30. g3 a5 31. Kg2 Qc4 32. Rd5 Bc5 (32... a4 $142 33. Bh5 Qb3) 33. Bh5 a4 34. Bg4 Rb8 35. Rd2 h6 36. Qf5 {[#] Black must now prevent Rxd6!} Rd8 (36... Qe6 {might work better.} 37. Qf3 Qa2) 37. Be2 Qa2 38. Bb5 Bxa3 $2 (38... Qe6 39. Qf3 Ra8) 39. Bxa4 (39. c4 $142 Bxb2 40. Rd3) 39... Bxb2 $2 (39... Qc4 40. Bd1 (40. bxa3 Qxa4 41. Rb2 Qa8 $16) 40... Bc5) 40. Bc6 Qb1 (40... Qa1 $142 41. Bd5 Qc1) 41. Rd5 {aiming for Rb5.} Rb8 42. Ra5 {Accuracy: White = 75%, Black = 37%.} 1-0

[Event "Elitserien Allsvenskan 2018-19"]
[Site "Sweden"]
[Date "2019.03.29"]
[Round "7.1"]
[White "Westerberg, Jonathan"]
[Black "Johansson, Linus"]
[Result "1/2-1/2"]
[WhiteElo "2542"]
[BlackElo "2479"]
[Annotator "TA"]
[PlyCount "59"]
[EventDate "2018.11.09"]
[EventType "team-tourn"]
[EventCountry "SWE"]
[SourceTitle "playchess.com"]
[Source "ChessBase"]
[SourceQuality "1"]

{[%evp 14,59,2,2,13,0,9,1,11,5,14,19,14,16,11,11,12,23,17,16,7,9,9,5,11,0,0,0,0,0,0,0,0,0,0,0,0,0,0,0,0,0,0,0,3,3,3,6]} 1. e4 e6 2. d4 d5 3. Nc3 Bb4 4. Nge2 dxe4 5. a3 Bxc3+ 6. Nxc3 Nc6 7. d5 exd5 8. Qxd5 Be6 {C15: French: 3 Nc3 Bb4: Unusual White 4th moves} 9. Qxe4 Nf6 10. Qh4 Bf5 11. Bb5 Bxc2 12. O-O {[#] Hoping for Bg5.} O-O 13. Bxc6 bxc6 14. Bg5 h6 15. Bxf6 Qxf6 16. Qxf6 {The position is equal.} gxf6 {[#]} 17. Rfc1 $146 Bd3 18. Na2 Rfb8 19. Rxc6 Rxb2 20. Rxc7 Rd8 {[#] Strongly threatening ...Rxa2!} 21. Nc3 Bg6 22. h3 Rdd2 23. Na4 Rbc2 24. Rxc2 Rxc2 $11 {[%mdl 4096] Endgame KRB-KRN} 25. Rb1 Ra2 26. Rb7 Rxa3 27. Rxa7 Kg7 {White must now prevent ...Bc2.} (27... Be4 $5 28. Ra6 $8 Ra1+ 29. Kh2 Kf8 $11) 28. Ra6 Bd3 29. Rd6 Rxa4 30. Rxd3 {Accuracy: White = 86%, Black = 89%.} 1/2-1/2

[Event "Elitserien Allsvenskan 2018-19"]
[Site "Sweden"]
[Date "2019.03.29"]
[Round "7.1"]
[White "Laveryd, Peter"]
[Black "Shirov, Alexei"]
[Result "0-1"]
[WhiteElo "2375"]
[BlackElo "2667"]
[Annotator "TA"]
[PlyCount "75"]
[EventDate "2018.11.09"]
[EventType "team-tourn"]
[EventCountry "SWE"]
[SourceTitle "playchess.com"]
[Source "ChessBase"]
[SourceQuality "1"]

{[%evp 14,75,-13,-15,0,-19,-19,-28,0,0,11,7,12,-28,0,-7,-21,-18,6,0,0,0,0,15,12,0,0,0,19,26,16,-28,0,0,0,-58,-49,-57,-32,-79,-86,-80,-88,-175,-131,-448,-445,-458,-453,-1169,-1143,-1127,-1116,-1077,-1011,-997,-847,-710,-718,-2447,-2285,-1785,-1617,-29984]} 1. e4 e5 2. Nf3 Nc6 3. Nc3 Nf6 4. g3 Bc5 5. Bg2 d6 6. d3 a6 7. Be3 Bxe3 8. fxe3 Ne7 {C26: Vienna Game: 2...Nf6, sidelines} 9. Nh4 c6 10. Qd2 Ng6 {Black has an edge.} 11. Nf5 Bxf5 12. exf5 Ne7 $146 ({Predecessor:} 12... Nf8 13. O-O-O d5 14. Rhg1 h5 15. h3 Qe7 16. e4 {½-½ (48) Zvjaginsev,V (2635)-Najer,E (2681) Ohrid 2009}) 13. O-O h5 14. h3 d5 15. Qf2 b5 16. e4 d4 17. Nb1 c5 18. Nd2 Nc6 19. Bf3 Nd7 20. a4 Nb6 21. axb5 axb5 22. b3 Nb4 23. Rxa8 Qxa8 24. Bd1 ({Better is} 24. c3 $1 $11 Nc6 25. c4) 24... Nd7 $15 25. Nf3 Qc6 26. Ng5 Qh6 27. h4 Ke7 28. Qe1 {[#]} (28. Qg2 $17 {keeps fighting.}) 28... Ra8 $1 $19 29. c3 $2 {[%mdl 8192]} (29. Kh2 $17 {is a better chance.}) 29... dxc3 {Black is clearly winning.} 30. Qxc3 {[#]} f6 $1 31. Ne6 (31. Nh3 $142 Qe3+ {[%mdl 64] Double Attack} 32. Kg2) 31... Qe3+ {[%mdl 64] Double Attack} 32. Kh2 Ra2+ 33. Kh3 Nxd3 {And now ...Nf2+ would win.} 34. Bxh5 Nf2+ (34... Nf4+ $2 35. Nxf4 exf4 36. Qxe3 $17) 35. Rxf2 Qxf2 36. Bf3 b4 37. Qd3 Rd2 38. Qc4 {Accuracy: White = 29%, Black = 60%.} 0-1

[Event "Elitserien Allsvenskan 2018-19"]
[Site "Sweden"]
[Date "2019.03.29"]
[Round "7.1"]
[White "Malmstig, Erik"]
[Black "Urkedal, Frode Olav Olsen"]
[Result "1/2-1/2"]
[WhiteElo "2287"]
[BlackElo "2514"]
[Annotator "TA"]
[PlyCount "130"]
[EventDate "2018.11.09"]
[EventType "team-tourn"]
[EventCountry "SWE"]
[SourceTitle "playchess.com"]
[Source "ChessBase"]
[SourceQuality "1"]

{[%evp 13,130,-4,-13,-18,0,-5,0,0,0,0,0,0,6,0,6,-24,-26,-40,-23,-27,0,-28,-20,-20,-23,-18,-19,-14,-14,-19,-17,-20,19,16,24,28,29,0,16,0,0,0,0,0,0,0,0,-15,-23,-20,-14,-15,-18,-36,-14,-14,-15,-15,-14,-14,-8,-8,-8,-8,-8,-27,0,0,0,0,0,0,0,0,0,0,0,0,0,0,0,-7,-7,-7,0,-7,-7,-8,-7,-8,-8,-8,-8,-8,0,0,0,0,0,0,0,0,0,-8,-8,-8,0,-8,-8,-8,-8,-8,0,-8,-8,-8,-8,-8,-8]} 1. d4 Nf6 2. c4 e6 3. Nc3 Bb4 4. e3 O-O 5. Bd3 d5 6. cxd5 exd5 7. Nge2 Re8 8. f3 {E48: Nimzo-Indian: Rubinstein: 5 Bd3 d5 including 6 Ne2, but excluding 6 a3} (8. O-O Bd6 9. Bd2 Nbd7 10. Rc1 a6 11. Ng3 Nf8 12. Nce2 Ne4 13. Be1 c6 14. a4 Nxg3 15. Nxg3 a5 16. Qb3 g6 {½-½ (50) Yu,Y (2765)-Leko,P (2690) Porto Carras 2018}) 8... c5 9. O-O Nc6 10. a3 cxd4 11. exd4 Bxc3 $146 ({Predecessor:} 11... Be7 12. Bc2 a6 13. Bg5 b5 14. Qd3 g6 15. Qd2 b4 16. axb4 Nxb4 17. Bb3 Rb8 18. Nf4 Qb6 19. Rfe1 Be6 {1-0 (36) Malmstig,E (2235)-Hall,J (2425) Linkoping 1996}) 12. bxc3 h6 13. Rb1 Na5 14. Bc2 b6 15. Ng3 Ba6 16. Re1 Qc7 17. Nf5 Rxe1+ 18. Qxe1 {[#] And now Bxh6! would win.} Re8 19. Qg3 Qxg3 20. Nxg3 Rc8 21. Bb2 Nc4 22. Bd3 g6 23. Bc1 h5 24. h4 Ne8 25. a4 Nc7 26. Nf1 Nd6 27. Bxa6 Nxa6 28. Bf4 Nf5 29. a5 bxa5 30. Ra1 Rxc3 31. Rxa5 Nb4 ({Weaker is} 31... Nxd4 32. Be5 $18) 32. Rxa7 Nc6 ({Wrong is} 32... Nxd4 $2 33. Ra8+ Kh7 34. Be5 $18) 33. Rc7 Ncxd4 34. Rxc3 Ne2+ {[%mdl 64] [#] Double Attack} 35. Kf2 Nxc3 $11 {[%mdl 4096] Endgame KBN-KNN} 36. Be5 Nb5 37. g4 hxg4 38. fxg4 Nfd6 39. Ne3 Nc4 (39... d4 {feels hotter.} 40. Nd5 Nc4 41. Nf6+ Kf8 42. Bf4 d3) 40. Bf6 {The position is equal.} Nxe3 41. Kxe3 {KB-KN} Kf8 42. Kf4 Nd6 43. Bd4 Nc4 44. Bc3 Kg8 45. Bd4 Kh7 46. Ba1 Kh6 47. Bf6 Nd2 48. Be7 Ne4 49. Ke5 Nf2 50. Bf8+ Kh7 51. Kf4 Nd3+ 52. Ke3 Ne5 53. Kf4 Nc6 54. Ba3 Kg7 55. Bb2+ Kf8 56. Ba3+ Kg7 57. Bb2+ Kh6 58. Bc1 f6 59. Bb2 d4 60. Ke4 g5 61. Bc1 Kg6 62. hxg5 fxg5 63. Kd5 Na5 64. Bxg5 Kxg5 65. Kxd4 Kxg4 {Accuracy: White = 66%, Black = 56%.} 1/2-1/2

[Event "Elitserien Allsvenskan 2018-19"]
[Site "Sweden"]
[Date "2019.03.29"]
[Round "7.2"]
[White "Amin, Bassem"]
[Black "Ingbrandt, Johan"]
[Result "1-0"]
[WhiteElo "2709"]
[BlackElo "2363"]
[Annotator "TA"]
[PlyCount "79"]
[EventDate "2018.11.09"]
[EventType "team-tourn"]
[EventCountry "SWE"]
[SourceTitle "playchess.com"]
[Source "ChessBase"]
[SourceQuality "1"]

{[%evp 15,79,20,22,0,0,-9,-15,-12,0,-5,-3,-6,-21,-18,72,67,64,64,69,61,70,63,54,54,54,52,97,79,104,100,89,103,104,78,173,163,168,175,179,183,198,210,195,147,201,206,164,180,275,256,269,144,200,152,143,143,124,118,300,283,269,289,287,287,29983,29984]} 1. Nf3 d5 2. g3 c6 3. Bg2 Nf6 4. O-O Bg4 5. d3 Nbd7 6. Nbd2 e5 7. e4 dxe4 8. dxe4 Qc7 9. Qe1 {A07: Réti Opening: New York and Capablanca Systems} h6 (9... Nc5 10. a4 a5 11. Nc4 Nfd7 12. Bd2 b6 13. Ne3 Bh5 14. Nh4 f6 15. Kh1 Ne6 16. f4 {½-½ (25) Sasikiran,K (2688)-Sunilduth Lyna,N (2564) Helsingor 2017}) 10. Nh4 Bc5 11. Nf5 $146 {The position is equal.} ({Predecessor:} 11. a4 O-O 12. Nc4 Rfe8 13. Ne3 Be6 14. Qe2 Bf8 15. b3 Nc5 16. Nef5 a5 17. Re1 {1-0 (49) Markovic,M (2466)-Lundin,J (2264) Sweden 2016}) 11... g6 12. Ne3 Be6 13. Nb3 Be7 14. f4 Nc5 (14... exf4 $11 {keeps the balance.} 15. gxf4 O-O-O) 15. f5 $16 Bxb3 16. axb3 g5 17. Nc4 Ncd7 18. h3 b5 19. Na5 Bc5+ 20. Kh1 Ke7 21. Bd2 a6 22. b4 Bb6 23. c4 bxc4 24. Rc1 Rhc8 (24... Bxa5 $16 {was necessary.} 25. bxa5 Rab8) 25. Rxc4 $18 (25. Nxc4 $6 Bd4 $16) 25... Bxa5 26. bxa5 Rab8 27. b4 Ne8 28. Qe2 Nd6 29. Rc2 Nf6 (29... Nb5 $16) 30. Rfc1 Nb5 31. Be3 Ke8 (31... Kf8 $142 32. h4 (32. Rxc6 Qxc6 33. Rxc6 Rxc6 $16) 32... Kg7) 32. Bc5 Rb7 33. Kh2 ({Better is} 33. h4 $18 Qd8 34. hxg5 hxg5 35. Bf1) 33... Nd7 $16 34. f6 {[#] Black must now prevent h4.} Nxc5 35. Rxc5 {Hoping for Qg4.} Qd6 36. Qg4 $36 {[%mdl 2048] White is on the roll.} Rd7 $2 (36... Rcc7 $16 {was worth a try.}) 37. Qf5 $18 Nd4 38. Qh7 ({Avoid the trap} 38. Rxe5+ $2 Kd8 $19) ({Much less strong is} 38. Qxe5+ $6 Qxe5 39. Rxe5+ Kd8 $16) 38... Kd8 39. Qxh6 Ne2 $2 {[#]} (39... g4 $18 40. Bf1 (40. hxg4 Kc7 $18) 40... Kc7 41. Bxa6 Rcd8 42. hxg4 Kb8) 40. Qh8+ {Accuracy: White = 63%, Black = 42%.} 1-0

[Event "Elitserien Allsvenskan 2018-19"]
[Site "Sweden"]
[Date "2019.03.29"]
[Round "7.2"]
[White "Blomqvist, Erik"]
[Black "Cuenca Jimenez, Jose Fernando"]
[Result "1/2-1/2"]
[WhiteElo "2488"]
[BlackElo "2544"]
[Annotator "TA"]
[PlyCount "51"]
[EventDate "2018.11.09"]
[EventType "team-tourn"]
[EventCountry "SWE"]
[SourceTitle "playchess.com"]
[Source "ChessBase"]
[SourceQuality "1"]

{[%evp 16,51,22,20,16,19,19,10,18,24,13,11,27,18,41,40,37,36,49,44,35,42,44,12,16,15,18,10,10,16,0,0,0,0,0,0,0,0]} 1. e4 e5 2. Nf3 Nc6 3. Bb5 a6 4. Ba4 Nf6 5. O-O Be7 6. Re1 b5 7. Bb3 d6 8. a4 Bg4 9. c3 Na5 {C90: Closed Ruy Lopez with 7...d6: Early deviations} 10. Bc2 c5 11. axb5 axb5 12. h3 Bxf3 13. Qxf3 O-O 14. d3 {[#]} Rb8 $146 ({Predecessor:} 14... Qd7 15. Nd2 Nc6 16. Rb1 d5 17. exd5 Nxd5 18. Nf1 Kh8 19. Bd2 f5 20. Ra1 Rad8 21. Ra6 Rf6 22. Raa1 h6 23. Qh5 Rdf8 24. Nh2 Rd6 25. Qe2 {½-½ (25) Dominguez Perez,L (2732)-Adams,M (2742) Baku 2015}) 15. Nd2 b4 16. Nf1 bxc3 17. bxc3 Nb3 18. Bxb3 Rxb3 19. c4 Ne8 {The position is equal.} 20. Qd1 Rb7 21. Bd2 Bg5 22. Bxg5 Qxg5 23. Ne3 Nc7 24. Qg4 Qxg4 25. hxg4 g6 26. Reb1 {Accuracy: White = 68%, Black = 88%.} 1/2-1/2

[Event "Elitserien Allsvenskan 2018-19"]
[Site "Sweden"]
[Date "2019.03.29"]
[Round "7.2"]
[White "Hector, Jonny"]
[Black "Hauge, Lars Oskar"]
[Result "1-0"]
[WhiteElo "2468"]
[BlackElo "2468"]
[Annotator "TA"]
[PlyCount "57"]
[EventDate "2018.11.09"]
[EventType "team-tourn"]
[EventCountry "SWE"]
[SourceTitle "playchess.com"]
[Source "ChessBase"]
[SourceQuality "1"]

{[%evp 21,57,15,45,37,47,32,17,33,33,-87,257,272,267,258,249,262,238,285,262,243,392,394,372,364,510,418,6579,6470,29973,29973,29982,29983,29982,29983,29985,29986,29994,29995]} 1. e4 c5 2. Nf3 d6 3. d4 cxd4 4. Nxd4 Nf6 5. Nc3 a6 6. Bg5 e6 7. f4 b5 8. e5 dxe5 9. fxe5 Qc7 10. Qe2 Nfd7 11. O-O-O Bb7 12. Nxe6 {B96: Sicilian Najdorf: 6 Bg5 e6 7 f4, lines other than 7...Qb6 and 7...Be7} (12. Qg4 Qb6 13. Be2 Nxe5 14. Qh3 Nbd7 15. Rhe1 h6 16. Bf3 Bxf3 17. Nxf3 Bd6 18. Nxe5 Bxe5 19. Qf3 Rb8 20. Rxd7 Kxd7 21. Qxf7+ {½-½ (30) Vallejo Pons,F (2722)-Bromberger,S (2505) Bahia Feliz 2011}) 12... fxe6 13. Qg4 Nc5 {Threatens to win with ...Nc6.} ({Don't blunder} 13... Nxe5 $2 14. Qxe6+ Be7 15. Bxb5+ $1 {[%mdl 512]} Nbc6 16. Nd5 $18) 14. Bxb5+ $146 {The position is equal.} ({Predecessor:} 14. b4 Be7 15. Bxe7 Qxe7 16. bxc5 Nd7 17. c6 Bxc6 18. Rd6 Nf6 19. Qd4 Bd5 {½-½ (29) Lanzani,M (2250)-Tatai,S (2405) Cesenatico 1986}) 14... Nc6 15. Rhf1 (15. Bxc6+ $14 {keeps the upper hand.} Bxc6 16. b4 Qxe5 17. bxc5 Bxc5 18. Rhe1 Ba3+ 19. Kd2 Qd6+ 20. Ke2 Qe5+ {[%mdl 64] Double Attack} 21. Kd2 Qd6+ 22. Ke2 Qe5+ {[%mdl 64] Double Attack} 23. Kd2) 15... Be7 $2 {[%mdl 8192]} (15... axb5 $17 {keeps the pressure on.} 16. Nxb5 Qxe5) 16. Bxe7 $18 Qxe7 17. Bxc6+ $1 Bxc6 {[#]} 18. Rd6 $1 {[%cal Rd6c6]} Bd7 19. b4 {[%mdl 1024] White has strong compensation.} Nb7 20. Rb6 Bc8 (20... Nd8 $142) 21. Qh5+ g6 22. Qf3 Kd8 (22... Rf8 $142 23. Qc6+ Qd7 24. Qxd7+ Bxd7 25. Rxf8+ Kxf8) 23. Qc6 {aiming for Rd1+.} Qg5+ (23... Qc7 $142 24. Rd1+ Bd7 25. Qxb7 {[%mdl 64] Double Attack} Rc8 26. Qxc7+ Rxc7) 24. Kb1 Qxe5 25. Rd1+ {White mates.} Ke7 26. Rxb7+ Bxb7 27. Qxb7+ Kf6 28. Ne4+ Kf5 29. Qf7+ {Accuracy: White = 79%, Black = 23%.} 1-0

[Event "Elitserien Allsvenskan 2018-19"]
[Site "Sweden"]
[Date "2019.03.29"]
[Round "7.2"]
[White "Sjodahl, Pontus"]
[Black "Rothen, Hakan"]
[Result "1-0"]
[WhiteElo "2422"]
[BlackElo "2274"]
[Annotator "TA"]
[PlyCount "89"]
[EventDate "2018.11.09"]
[EventType "team-tourn"]
[EventCountry "SWE"]
[SourceTitle "playchess.com"]
[Source "ChessBase"]
[SourceQuality "1"]

{[%evp 16,89,47,58,64,36,41,35,51,32,93,107,117,88,105,57,57,59,57,68,73,78,65,62,102,85,125,119,160,108,115,95,90,56,59,60,60,52,50,53,192,192,216,207,202,193,261,253,244,251,317,260,376,370,676,671,665,669,662,655,610,540,466,466,5401,5401,29976,29977,29977,29978,29979,29980,29980,29981,29983,29983]} 1. d4 Nf6 2. c4 e6 3. Nc3 Bb4 4. e3 c5 5. Nge2 O-O 6. a3 Bxc3+ 7. Nxc3 b6 {E46: Nimzo-Indian: Rubinstein: 4 e3 0-0 5 Ne2 without early Bd3} 8. d5 exd5 9. cxd5 {LiveBook: 4 Games} Re8 $146 {White is slightly better.} ({Predecessor:} 9... d6 10. Be2 Ba6 11. Bxa6 Nxa6 12. O-O Qd7 13. Qd3 Nc7 14. e4 b5 15. b4 {½-½ (45) Sieciechowicz,M (2409)-Cukrowski,F (2431) Poland 2017}) 10. Bd3 Ba6 11. O-O d6 12. e4 c4 ({Better is} 12... Bxd3 $14 13. Qxd3 Nbd7) 13. Bc2 $16 Nbd7 14. Be3 Ne5 15. f3 Nfd7 $1 16. Bd4 Nc5 $1 17. Qd2 Nb3 18. Bxb3 $1 cxb3 19. Rfe1 Qd7 20. Bxe5 dxe5 21. Nd1 f5 22. Qb4 (22. exf5 $142 Qxf5 23. Re4) 22... fxe4 23. fxe4 Qb5 24. Qxb5 Bxb5 25. Re3 Rf8 $1 {[%csl Gb5][%cal Rf8f1]} 26. Nc3 Bc4 27. Rc1 Rf6 {[#]} (27... Rac8 $1 $14) 28. Nb1 $1 $18 Raf8 {( -> ...Rf1+)} 29. Nd2 b5 {Threatens to win with ...Rf2.} 30. Rf3 (30. Nxc4 $6 bxc4 31. Re2 c3 $14) 30... Be2 (30... a5 $142 31. Rxf6 (31. Nxc4 Rxf3 32. gxf3 bxc4 $11) 31... gxf6) 31. Rxf6 ({Don't do} 31. Rxb3 $6 a6 $16) 31... gxf6 {[%mdl 4096] Endgame KRB-KRN} 32. Kf2 Bh5 33. Ke3 f5 (33... Bg4 $142 34. h3 (34. Nxb3 Rc8 $18) 34... Rc8) 34. exf5 Rxf5 $2 {[#]} (34... Bg4 35. Rc5 b4 36. axb4 Bxf5) 35. g4 Bxg4 36. Rg1 Rf4 37. h3 $1 h5 38. hxg4 hxg4 39. Rf1 Rxf1 (39... g3 $142) 40. Nxf1 {KN-KP} a5 41. Ke4 {White mates.} a4 42. Kxe5 b4 43. Kf4 bxa3 44. bxa3 g3 45. Kxg3 {Precision: White = 86%, Black = 24%.} 1-0

[Event "Elitserien Allsvenskan 2018-19"]
[Site "Sweden"]
[Date "2019.03.29"]
[Round "7.2"]
[White "Livner, Anders"]
[Black "Larsson, Johan"]
[Result "1-0"]
[WhiteElo "2338"]
[BlackElo "2189"]
[Annotator "TA"]
[PlyCount "51"]
[EventDate "2018.11.09"]
[EventType "team-tourn"]
[EventCountry "SWE"]
[SourceTitle "playchess.com"]
[Source "ChessBase"]
[SourceQuality "1"]

{[%evp 28,51,74,69,47,0,77,70,164,163,170,164,160,181,220,147,339,340,447,446,423,441,541,530,725,716]} 1. Nf3 d5 2. g3 c5 3. Bg2 Nc6 4. c4 e6 5. O-O Nf6 6. b3 Be7 7. cxd5 exd5 8. Bb2 O-O 9. d4 Re8 10. dxc5 Bxc5 11. Nc3 Bg4 12. Rc1 a6 13. h3 {D34: Tarrasch Defence: 6 g3 Nf6 7 Bg2 Be7} Bh5 14. e3 Ba7 15. Ne2 {LiveBook: 5 Games. White is better.} Ne4 {[#]} 16. Ned4 $146 ({Predecessor:} 16. Nf4 Bxf3 17. Bxf3 d4 18. exd4 Nxd4 19. Bxd4 Qxd4 20. Qxd4 Bxd4 {½-½ (31) Ivanisevic,I (2577)-Simic,R (2412) Vrnjacka Banja 2005}) 16... Qd7 (16... Rc8 $11 {remains equal.}) 17. Nxc6 bxc6 (17... Bxf3 $1 $14 18. Bxf3 (18. Qxf3 bxc6 19. Rc2 Bb6 $14) 18... bxc6) 18. g4 $18 Bg6 19. Ne5 Rxe5 20. Bxe5 Re8 21. Bf4 c5 $2 {[#]} (21... a5 $16 22. Qe2 Nc5) 22. b4 d4 23. exd4 {White is clearly winning.} Qxd4 24. Be3 Qxb4 25. Qd7 {[%cal Rd7e8] [#]} Ra8 26. Rb1 {Precision: White = 78%, Black = 12%.} 1-0